Teología católica (Record no. 12576)

MARC details
000 -LEADER
campo de control de longitud fija 00897nam a2200277 i 4500
001 - NÚMERO DE CONTROL
campo de control 12576
003 - IDENTIFICADOR DE NÚMERO DE CONTROL
campo de control ES-MaACL
005 - FECHA Y HORA DE LA ÚLTIMA TRANSACCIÓN
campo de control 20250830054702.0
007 - CAMPO FIJO DE DESCRIPCIÓN FÍSICA--INFORMACIÓN GENERAL
campo de control de longitud fija t|
008 - DATOS DE LONGITUD FIJA--INFORMACIÓN GENERAL
campo de control de longitud fija 960904s1996 sp ||||0| spa j
020 ## - NÚMERO INTERNACIONAL ESTÁNDAR DEL LIBRO
Número Internacional Estándar del Libro 84-285-1818-1
040 ## - FUENTE DE CATALOGACIÓN
Centro catalogador/agencia de origen M-BN
Lengua de catalogación spa
Centro/agencia transcriptor M-BN
080 ## - NÚMERO DE LA CLASIFICACIÓN DECIMAL UNIVERSAL
Número de la Clasificación Decimal Universal 23(091)
100 1# - ENTRADA PRINCIPAL--NOMBRE DE PERSONA
Nombre de persona Bof, Giampiero.
9 (RLIN) 29761
245 10 - MENCIÓN DEL TÍTULO
Título Teología católica
Resto del título : dos mil años de historia, de ideas, de personajes /
Mención de responsabilidad, etc. Giampiero Bof ; [traducido por Pedro M. García Fraile].
260 ## - PUBLICACIÓN, DISTRIBUCIÓN, ETC.
Lugar de publicación, distribución, etc. Madrid :
Nombre del editor, distribuidor, etc. San Pablo,
Fecha de publicación, distribución, etc. D.L. 1996.
300 ## - DESCRIPCIÓN FÍSICA
Extensión 259 p ;
Dimensiones 21 cm.
490 1# - MENCIÓN DE SERIE
Mención de serie Teología siglo XXI ;
Designación de volumen o secuencia 21
500 ## - NOTA GENERAL
Nota general Traducción de: Teologia cattolica.
650 14 - PUNTO DE ACCESO ADICIONAL DE MATERIA--TÉRMINO DE MATERIA
Término de materia o nombre geográfico como elemento de entrada Teología-
Subdivisión de forma Historia
9 (RLIN) 17460
700 1# - ENTRADA AGREGADA--NOMBRE PERSONAL
Nombre de persona García Fraile, Pedro M.
9 (RLIN) 54621
830 0# - PUNTO DE ACCESO ADICIONAL DE SERIE-TÍTULO UNIFORME
Título uniforme Teología siglo XXI ;
Designación de volumen o secuencia 21
9 (RLIN) 228315
852 ## - LOCALIZACIÓN
Ubicación ES-MaACL
Número de control de estantería L-19901
Sublocalización o colección R.125620
Holdings
Estatus retirado Estado de pérdida Estado de daño No para préstamo Biblioteca de origen Biblioteca actual Ubicación en estantería Fecha de adquisición Fuente de adquisición Total de préstamos Signatura topográfica completa Código de barras Visto por última vez Precio de reemplazo Tipo de ítem Koha
        Biblioteca del Ateneo de Madrid Biblioteca del Ateneo de Madrid Depósito 2 17/01/2008     L-19901 1012812 23/02/2023 23/02/2023 Libro impreso